000 00959nam a2200337 a 4500
001 000108023
003 CHAP
005 20230719085525.0
008 131128s2012 mx a |r| |||1|||spa d
010 _a104485
011 _a105457
020 _a9786077074472
040 _cCHAP
082 0 4 _a005.3
_bF4 2012
100 0 0 _aFerreyra Cortés, Gonzálo.
_940415
245 1 0 _aOffice 2010 paso a paso con actividades /
_cpor Gonzalo Ferreyra Cortés.
260 _aMéxico, D.F. :
_bAlfaomega,
_c2012.
300 _a512 p. :
_bil.
590 _aE11695DGD
_b10
_c20140120
_lUCH01
_h1556
590 _aE6096MTM
_b05
_c20131128
_lUCH01
_h1040
650 1 7 _aMicrosoft Access
_2
_9413
650 1 4 _aExcel.
_939029
650 1 4 _aLenguajes de programación.
_965989
650 1 4 _aMicrosoft (Programación)
_975541
650 1 4 _aOutlook.
_984368
650 1 4 _aPower point.
_991179
650 1 4 _aWord.
_9122602
901 _aBK
942 _cLIBRO
942 _n0
999 _c104485
_d104485